[Event "42nd Olympiad 2016"]
[Site "Baku AZE"]
[Date "2016.09.10"]
[Round "8.68"]
[Board "2"]
[White "Cox, Valentine"]
[Black "Mosutha, Thuso"]
[Result "0-1"]
[WhiteElo "1867"]
[BlackElo "1930"]
[WhiteTeam "Bahamas"]
[BlackTeam "Botswana"]
[WhiteFideId "10400095"]
[BlackFideId "11302550"]
[EventDate "2016.09.02"]

1. e4 c5 2. Nf3 d6 3. d4 cxd4 4. Nxd4 Nf6 5. Nc3 g6 6. Be3 Bg7 7. Be2 Nc6 8. Qd2
O-O 9. O-O-O Nxd4 10. Bxd4 Be6 11. f3 Qa5 12. Kb1 Rfc8 13. Nd5 Qxd2 14. Rxd2
Bxd5 15. exd5 Bh6 16. Rd3 Nxd5 17. g3 Nc7 18. f4 Bg7 19. Bf2 d5 20. h4 e6 21. h5
Ne8 22. g4 Nd6 23. hxg6 hxg6 24. Rdh3 Nc4 25. c3 Nd2+ 26. Ka1 Ne4 27. Bg1 a6 28.
f5 b5 29. a3 Rab8 30. Bd3 a5 31. Ba7 Ra8 32. Bd4 e5 33. Be3 b4 34. Bxe4 dxe4 35.
Bd2 bxa3 36. b3 Rd8 37. Bc1 Rd3 38. Bxa3 e3 39. Re1 e4 40. Rexe3 Bxc3+ 41. Bb2
Bxb2+ 42. Kxb2 Rad8 43. Kc2 Rc8+ 44. Kb2 Rcd8 45. Kc2 gxf5 46. gxf5 Rxe3 47.
Rxe3 Rd5 48. Rxe4 Rxf5 49. b4 axb4 50. Rxb4 Rd5 51. Rg4+ Kf8 52. Kc3 f5 53. Rd4
Re5 54. Rf4 Kf7 55. Kd4 Kf6 56. Rf1 Re8 57. Rf2 Re1 58. Kd3 Kg5 59. Rg2+ Kf4 60.
Rf2+ Kg4 61. Rg2+ Kf3 62. Rg5 Rd1+ 63. Kc2 Rd5 64. Rg1 f4 65. Rg8 Kf2 66. Kc1 f3
67. Rf8 Ke2 68. Re8+ Kf1 69. Rf8 f2 70. Rf7 Rg5 71. Kd2 Kg1 72. Ke2 Re5+ 73. Kd2 0-1

[Event "42nd Olympiad 2016"]
[Site "Baku AZE"]
[Date "2016.09.10"]
[Round "8.68"]
[Board "3"]
[White "Mapini, Otsile"]
[Black "Gibson, Franklyn"]
[Result "1/2-1/2"]
[WhiteElo "1972"]
[BlackElo "1987"]
[WhiteTeam "Botswana"]
[BlackTeam "Bahamas"]
[WhiteFideId "11304553"]
[BlackFideId "10400028"]
[EventDate "2016.09.02"]

1. e4 c5 2. Nf3 g6 3. Nc3 Bg7 4. h4 h5 5. d4 cxd4 6. Nxd4 Nc6 7. Be3 Nf6 8. Nb3
Ng4 9. Bg5 Qb6 10. Qd2 d6 11. Nd5 Qd8 12. f3 Nf6 13. Nxf6+ exf6 14. Bf4 Ne5 15.
O-O-O Ke7 16. Nd4 a6 17. Be3 Qc7 18. Kb1 Rd8 19. Nb3 Be6 20. Qf2 Rd7 21. Bb6 Qc8
22. g3 Kf8 23. Nd4 Kg8 24. Nxe6 fxe6 25. Bh3 Kf7 26. f4 Nc4 27. Bd4 Qc6 28. f5
gxf5 29. exf5 e5 30. Bc3 d5 31. Qe2 Rh8 32. g4 d4 33. g5 Ne3 34. g6+ Kg8 35. Bb4
Rc7 36. Rc1 Qc4 37. Qxc4+ Rxc4 38. Bd2 Bh6 39. Bxe3 Bxe3 40. Bg2 Rc7 41. Rcd1
Kg7 42. Be4 Rhc8 43. Rh2 b5 44. Re2 1/2-1/2

[Event "42nd Olympiad 2016"]
[Site "Baku AZE"]
[Date "2016.09.10"]
[Round "8.68"]
[Board "4"]
[White "Moncur, Cecil"]
[Black "Monnaatsheko, Keletshabile"]
[Result "0-1"]
[WhiteTitle "CM"]
[WhiteElo "1869"]
[BlackElo "1988"]
[WhiteTeam "Bahamas"]
[BlackTeam "Botswana"]
[WhiteFideId "10400583"]
[BlackFideId "11302941"]
[EventDate "2016.09.02"]

1. d4 d5 2. c4 c6 3. cxd5 cxd5 4. Nc3 Nf6 5. Bf4 Nc6 6. e3 Qb6 7. a3 Bf5 8. b4
Qd8 9. Nf3 e6 10. Ne5 Nxe5 11. Bxe5 a6 12. Bxf6 gxf6 13. Bd3 Bxd3 14. Qxd3 f5
15. g3 Be7 16. Na4 O-O 17. O-O Qe8 18. Nc5 Ra7 19. Rfc1 Qb5 20. Qxb5 axb5 21.
Nd3 Bd6 22. Rc3 Rfa8 23. Kf1 f6 24. f4 Kf7 25. Ke2 h5 26. Kd2 h4 27. Kc2 hxg3
28. hxg3 Rg8 29. Rg1 b6 30. Kb2 Rc7 31. Nf2 Rxc3 32. Kxc3 e5 33. Nd3 Rc8+ 34.
Kd2 e4 35. Ne1 Rg8 36. Kc2 Kg6 37. Rh1 Rg7 38. Kd2 Ra7 39. Nc2 Kg7 40. Rh4 Rxa3
41. Nxa3 Bxb4+ 42. Kc2 Bxa3 43. Rh5 Kg6 44. Rh8 b4 45. Rd8 b3+ 46. Kxb3 Bc1 47.
Rxd5 Bxe3 48. Rd8 Bf2 49. Kc2 Kf7 50. Rd6 Bxg3 51. Rxb6 Bxf4 52. d5 Be5 53. Re6
f4 54. Kd2 f3 55. Ke3 Bd4+ 56. Kd2 f5 57. Ke1 e3 58. Kf1 e2+ 59. Ke1 Bc3+ 60.
Kf2 Bd2 61. Re5 f4 62. d6 Be3+ 63. Ke1 Bd4 64. Rf5+ Ke6 65. Rxf4 Bc3+ 66. Kf2
e1=Q+ 67. Kxf3 Qh1+ 0-1

[Event "42nd Olympiad 2016"]
[Site "Baku AZE"]
[Date "2016.09.10"]
[Round "8.69"]
[Board "1"]
[White "Cu Hor, Winston Darwin"]
[Black "Pace, Colin"]
[Result "1-0"]
[WhiteTitle "FM"]
[BlackTitle "CM"]
[WhiteElo "2318"]
[BlackElo "2172"]
[WhiteTeam "Guatemala"]
[BlackTeam "Malta"]
[WhiteFideId "7300662"]
[BlackFideId "5600189"]
[EventDate "2016.09.02"]

1. Nf3 d5 2. c4 e6 3. g3 dxc4 4. Bg2 Nd7 5. Qa4 a6 6. Qxc4 b5 7. Qc2 Bb7 8. O-O
Ngf6 9. b3 c5 10. Bb2 Be7 11. a4 O-O 12. axb5 axb5 13. Nc3 Qb6 14. h3 Rxa1 15.
Rxa1 Ra8 16. Rxa8+ Bxa8 17. g4 h6 18. Qd3 b4 19. Na4 Qc7 20. Ne1 Bxg2 21. Nxg2
Nd5 22. Qb5 Qd6 23. d3 Bd8 24. e4 Nc7 25. Qc4 Be7 26. d4 cxd4 27. Bxd4 Ne5 28.
Bxe5 Qxe5 29. f4 Qd6 30. Nb2 Qb6+ 31. Kf1 Nb5 32. Nd3 Nc3 33. Ne5 Qd8 34. Nd3
Qb8 35. Nge1 Qb7 36. Nf2 Qb5 37. Qxb5 Nxb5 38. Nc2 Na3 39. Nd4 Bc5 40. Nc6 Nc2
41. Nd3 Bf8 42. Ke2 g5 43. fxg5 hxg5 44. Kd2 Na3 45. Ndxb4 Nb5 46. Kd3 f6 47.
Nc2 Kf7 48. N2d4 Nc7 49. b4 e5 50. Nf5 Ke8 51. Kc4 Kd7 52. b5 Na8 53. Ne3 Nb6+
54. Kb3 Bc5 55. Nc4 Nc8 56. Nb4 Ne7 57. Ka4 Kc8 58. Na6 Bd4 59. b6 Nc6 60. Kb5
Kd7 61. b7 Ba7 62. Nb6+ Kd8 63. Kxc6 1-0

[Event "42nd Olympiad 2016"]
[Site "Baku AZE"]
[Date "2016.09.10"]
[Round "8.69"]
[Board "2"]
[White "Gauci, Joseph"]
[Black "Lorenzana, Wilson Estuardo"]
[Result "1-0"]
[WhiteTitle "CM"]
[BlackTitle "IM"]
[WhiteElo "2151"]
[BlackElo "2239"]
[WhiteTeam "Malta"]
[BlackTeam "Guatemala"]
[WhiteFideId "5600278"]
[BlackFideId "7300239"]
[EventDate "2016.09.02"]

1. d4 Nf6 2. Nf3 g6 3. g3 Bg7 4. Bg2 O-O 5. c4 d6 6. Nc3 Nbd7 7. d5 Nc5 8. Nd4
a5 9. O-O Re8 10. Re1 Ng4 11. b3 e5 12. dxe6 Nxe6 13. Nxe6 Bxe6 14. Bb2 Qc8 15.
Qd2 Nf6 16. Rac1 Bh3 17. Nd5 Nxd5 18. cxd5 Bxg2 19. Kxg2 Bxb2 20. Qxb2 Qf5 21.
Rxc7 Qxd5+ 22. Kg1 Re6 23. Rec1 Rae8 24. Rc8 h5 25. h4 b5 26. e3 Qf3 27. Qd4 Kh7
28. Rxe8 Rxe8 29. Rc7 Re5 30. Qf4 Qxf4 31. gxf4 Rd5 32. Rxf7+ Kg8 33. Ra7 b4 34.
Kg2 Rc5 35. Kf3 d5 36. Rd7 Kf8 37. f5 gxf5 38. Rh7 d4 39. exd4 Rc3+ 40. Kf4 Rc2
41. f3 Rxa2 42. Rxh5 Rd2 43. Rxf5+ Ke7 44. Ke3 Rb2 45. Rxa5 Rxb3+ 46. Ke4 Rb1
47. Rb5 b3 48. Kf5 b2 49. f4 Kd6 50. h5 Kc6 51. Rb4 Kd5 52. h6 Rh1 53. Rxb2 Rxh6
54. Rd2 Rh8 55. Kg6 Ke4 56. d5 Ke3 57. Rd1 Ke2 58. Ra1 Ke3 59. f5 Rg8+ 60. Kf7
Rd8 61. Ra5 Kf4 62. Ke7 Rh8 63. f6 Kf5 64. d6+ Kg6 65. d7 Rh7+ 66. Ke6 Rh8 67.
Rd5 1-0

[Event "42nd Olympiad 2016"]
[Site "Baku AZE"]
[Date "2016.09.10"]
[Round "8.69"]
[Board "3"]
[White "Giron, David"]
[Black "Zerafa, Robert"]
[Result "0-1"]
[BlackTitle "CM"]
[WhiteElo "2174"]
[BlackElo "2068"]
[WhiteTeam "Guatemala"]
[BlackTeam "Malta"]
[WhiteFideId "7300697"]
[BlackFideId "5600618"]
[EventDate "2016.09.02"]

1. e4 e5 2. Nf3 Nc6 3. Bc4 Bc5 4. c3 Nf6 5. Qe2 d6 6. Bb3 Be6 7. Bc2 h6 8. d3 a6
9. a4 b5 10. Nbd2 O-O 11. h3 Re8 12. g4 d5 13. g5 Nh5 14. Nb3 Be7 15. gxh6 g6
16. Rg1 dxe4 17. Qxe4 Bd5 18. Qf5 Kh8 19. Qg4 Nf6 20. Qg2 e4 21. dxe4 Nxe4 22.
Be3 Bf6 23. Rd1 Nxc3 24. bxc3 Bxc3+ 25. Ke2 Bc4+ 26. Bd3 Bxb3 27. Bxb5 Qf6 28.
Bxc6 Qxc6 29. Nd4 Bc4+ 0-1

[Event "42nd Olympiad 2016"]
[Site "Baku AZE"]
[Date "2016.09.10"]
[Round "8.69"]
[Board "4"]
[White "Psaila, Clarence"]
[Black "Juarez Flores, Gustavo E."]
[Result "1-0"]
[BlackTitle "FM"]
[WhiteElo "2057"]
[BlackElo "2114"]
[WhiteTeam "Malta"]
[BlackTeam "Guatemala"]
[WhiteFideId "5600359"]
[BlackFideId "7300034"]
[EventDate "2016.09.02"]

1. Nf3 c5 2. c4 Nc6 3. Nc3 g6 4. b3 Bg7 5. Bb2 e6 6. e3 Nge7 7. g3 O-O 8. Bg2 d5
9. d3 d4 10. exd4 Nxd4 11. Nxd4 Bxd4 12. O-O Rb8 13. Rb1 Nf5 14. Ne2 Bxb2 15.
Rxb2 Qf6 16. Rd2 Rd8 17. Qa1 Nd4 18. Nxd4 Rxd4 19. Re1 Qd8 20. Re4 b6 21. Rxd4
cxd4 22. Qe1 Qd6 23. f4 Bb7 24. Qe5 Qxe5 25. fxe5 Ba6 26. b4 Rd8 27. a4 Kf8 28.
b5 Bc8 29. g4 h6 30. h4 g5 31. hxg5 hxg5 32. Be4 Rd7 33. Kg2 Rc7 34. Bc6 Bd7 35.
Bxd7 Rxd7 36. Kf3 f5 37. exf6 Kf7 38. Ke4 Rd8 39. Rh2 Kxf6 40. Rh7 a6 41. bxa6
Kg6 42. Rb7 1-0

[Event "42nd Olympiad 2016"]
[Site "Baku AZE"]
[Date "2016.09.10"]
[Round "8.70"]
[Board "1"]
[White "Kigigha, Bomo"]
[Black "Wojciechowski, Paul"]
[Result "1-0"]
[WhiteTitle "FM"]
[BlackTitle "CM"]
[WhiteElo "2340"]
[BlackElo "1992"]
[WhiteTeam "Nigeria"]
[BlackTeam "Jersey"]
[WhiteFideId "8500037"]
[BlackFideId "15600017"]
[EventDate "2016.09.02"]

1. c4 Nf6 2. Nc3 g6 3. g3 Bg7 4. Bg2 c5 5. Nf3 O-O 6. d4 cxd4 7. Nxd4 Nc6 8. Nc2
d6 9. O-O Bd7 10. Bd2 Qc8 11. Rc1 Bh3 12. b3 Bxg2 13. Kxg2 Rd8 14. e4 Qe6 15. f3
Rac8 16. Nd5 Qd7 17. Bg5 Nxd5 18. exd5 Ne5 19. f4 f6 20. fxe5 fxg5 21. e6 Qc7
22. Qd2 Bf6 23. Nd4 Kg7 24. Nf3 h6 25. h4 g4 26. Nd4 Rf8 27. h5 Qc5 28. Ne2 gxh5
29. Nf4 Bg5 30. Nxh5+ Kh8 31. Qc3+ Bf6 32. Nxf6 exf6 33. Rxf6 Rxf6 34. Qxf6+ Kh7
35. Re1 Qb4 36. Re2 1-0

[Event "42nd Olympiad 2016"]
[Site "Baku AZE"]
[Date "2016.09.10"]
[Round "8.70"]
[Board "2"]
[White "Belzo, Krzysztof"]
[Black "Anwuli, Daniel"]
[Result "0-1"]
[WhiteTitle "CM"]
[BlackTitle "FM"]
[WhiteElo "2044"]
[BlackElo "2336"]
[WhiteTeam "Jersey"]
[BlackTeam "Nigeria"]
[WhiteFideId "1126768"]
[BlackFideId "8504580"]
[EventDate "2016.09.02"]

1. c4 Nf6 2. Nc3 e6 3. d4 d5 4. Nf3 Be7 5. g3 O-O 6. Bg2 dxc4 7. O-O c5 8. dxc5
Qa5 9. Qd4 Bxc5 10. Qxc4 Nbd7 11. Bd2 Nb6 12. Qb3 Be7 13. Nb5 Qa4 14. Nc7 Rb8
15. Be3 Bd7 16. Ne5 Rfc8 17. Nxd7 Nfxd7 18. Rfc1 Qxb3 19. axb3 a6 20. Rc2 Bd6
21. Rac1 Kf8 22. f4 h5 23. f5 exf5 24. Nd5 Rxc2 25. Rxc2 Nxd5 26. Bxd5 b6 27.
Bc4 a5 28. Rd2 Ke7 29. Bxf7 Bc5 30. Bxc5+ Nxc5 31. Bxh5 Nxb3 32. Rc2 Nc5 33. Rc4
g5 34. Bf3 g4 35. Bg2 Kd6 36. e4 fxe4 37. Bxe4 b5 38. Rd4+ Ke5 39. Rd5+ Kxe4 40.
Rxc5 a4 41. Kf2 Kd4 42. Rg5 Kc4 43. Rxg4+ Kb3 44. Re4 Kxb2 45. Re2+ Kc3 46. Re3+
Kd4 47. Ra3 Ra8 48. Ke2 b4 49. Ra1 Kc3 0-1

[Event "42nd Olympiad 2016"]
[Site "Baku AZE"]
[Date "2016.09.10"]
[Round "8.70"]
[Board "3"]
[White "Adu, Oladapo"]
[Black "Forbes, Garry"]
[Result "1/2-1/2"]
[WhiteTitle "IM"]
[BlackTitle "CM"]
[WhiteElo "2334"]
[BlackElo "1911"]
[WhiteTeam "Nigeria"]
[BlackTeam "Jersey"]
[WhiteFideId "8500258"]
[BlackFideId "10700331"]
[EventDate "2016.09.02"]

1. d4 g6 2. c4 Bg7 3. Nc3 d6 4. e4 Nf6 5. f3 Nc6 6. Nge2 O-O 7. Be3 a6 8. Qd2 e5
9. d5 Na5 10. Nc1 c5 11. a3 b6 12. b4 Nb7 13. Bd3 Nh5 14. N1e2 f5 15. Rb1 f4 16.
Bf2 Bf6 17. O-O Bh4 18. g4 fxg3 19. hxg3 Rxf3 20. gxh4 Bh3 21. Nc1 Qd7 22. Qg5
Bxf1 23. Bxf1 Rxc3 24. Nd3 Rxa3 25. bxc5 Nxc5 26. Bxc5 bxc5 27. Qg2 Rf8 28. Be2
Ra2 29. Qg4 Qxg4+ 30. Bxg4 Nf6 31. Be6+ Kg7 32. Rb7+ Kh6 33. Nf2 Kh5 34. Rb3
Kxh4 35. Rf3 Rxf2 36. Rxf2 h5 37. Kg2 Kg5 38. Ra2 Nxe4 39. Rxa6 Rd8 40. Ra3 Rf8
41. Ra6 Rf2+ 42. Kg1 Rc2 43. Bh3 Rxc4 44. Bg2 Kf4 45. Bxe4 Kxe4 46. Rxd6 Rd4 47.
Rxg6 Kxd5 48. Kf2 h4 49. Ke3 c4 50. Rg8 Rd3+ 51. Ke2 h3 52. Rd8+ Ke4 53. Rh8 Ra3
54. Rh4+ Kd5 55. Kf2 h2 56. Kg2 Ra2+ 57. Kh1 c3 58. Rd4+ Ke6 59. Rd6+ Kf5 60.
Rf6+ Ke4 61. Rf4+ Kd3 62. Rf3+ Kc2 63. Rxc3+ Kb1 64. Re3 Ra5 65. Kxh2 Kc2 66.
Kg3 Kd2 67. Kf2 Rd5 68. Kf3 Kc2 69. Re4 Ra5 70. Re1 e4+ 71. Rxe4 Rf5+ 72. Rf4
Rxf4+ 73. Kxf4 1/2-1/2

[Event "42nd Olympiad 2016"]
[Site "Baku AZE"]
[Date "2016.09.10"]
[Round "8.70"]
[Board "4"]
[White "Mooney, Graham"]
[Black "Adesina, Adeyinka"]
[Result "1-0"]
[BlackTitle "CM"]
[WhiteElo "1840"]
[BlackElo "2259"]
[WhiteTeam "Jersey"]
[BlackTeam "Nigeria"]
[WhiteFideId "15600106"]
[BlackFideId "8501238"]
[EventDate "2016.09.02"]

1. e4 c5 2. Nf3 d6 3. d4 cxd4 4. Nxd4 Nf6 5. Nc3 g6 6. Be3 Bg7 7. f3 Nc6 8. Qd2
O-O 9. O-O-O d5 10. exd5 Nxd5 11. Nxc6 bxc6 12. Nxd5 cxd5 13. Qxd5 Qc7 14. Qxa8
Bf5 15. Qxf8+ Kxf8 16. Bc4 h5 17. Bb3 Bf6 18. Bh6+ Kg8 19. Bd2 Kg7 20. Kb1 Qc5
21. Rhg1 a5 22. g4 Bc8 23. gxh5 Qxh5 24. Bd5 e6 25. Bb3 Qb5 26. a4 Qc5 27. h4
Bb7 28. Bg5 Be5 29. Rgf1 Ba6 30. Rfe1 Bc8 31. Be3 Qc7 32. h5 Bf4 33. hxg6 Kxg6
34. Rg1+ Kf6 35. Bf2 Bb7 36. Bh4+ Kf5 37. Rd3 f6 38. Rgd1 Bc6 39. c3 e5 40. Bc2
Ke6 41. Bb3+ Ke7 42. Rg1 Bg5 43. Bxg5 fxg5 44. Rxg5 Kf6 45. Rg4 Qh7 46. Bc2 Qh1+
47. Rd1 Qxf3 48. Rdg1 Be8 49. Rg8 Bf7 50. Rb8 e4 51. Rb6+ Ke7 52. Rb7+ Kf6 53.
Rb6+ Ke5 54. Rb5+ Kf4 55. Rxa5 Qf2 56. Rag5 Be6 57. R5g2 Qf3 58. Rg3 Qe2 59. b3
Bf5 60. R3g2 Qf3 61. Rg7 Qf2 62. a5 Ke5 63. R7g2 Qc5 64. Rg5 Kf6 65. Kb2 Qxa5
66. Bxe4 Qb6 67. Rg6+ Bxg6 68. Rxg6+ 1-0

[Event "42nd Olympiad 2016"]
[Site "Baku AZE"]
[Date "2016.09.10"]
[Round "8.71"]
[Board "1"]
[White "Phillips, Roy"]
[Black "Seijp V/d, Quintin"]
[Result "1/2-1/2"]
[WhiteTitle "FM"]
[WhiteElo "2234"]
[BlackElo "1924"]
[WhiteTeam "Mauritius"]
[BlackTeam "Aruba"]
[WhiteFideId "404136"]
[BlackFideId "15900428"]
[EventDate "2016.09.02"]

1. c4 e6 2. d4 d5 3. Nc3 Nf6 4. cxd5 exd5 5. Bg5 Nbd7 6. e3 Be7 7. Qc2 c6 8. Bd3
h6 9. Bh4 O-O 10. Nge2 Re8 11. O-O Ne4 12. Bxe7 Qxe7 13. Bxe4 dxe4 14. Rab1 f5
15. Na4 Nb6 16. b4 Be6 17. Nf4 Nxa4 18. Nxe6 Qxe6 19. Qxa4 a6 20. Qc2 g5 21. f3
Rad8 22. Rb3 Rd5 23. f4 Qd6 24. Rb2 gxf4 25. Rxf4 Rxd4 26. Rxf5 Rxb4 27. h3 Rf8
28. Rxf8+ Qxf8 29. Rxb4 Qxb4 30. Qf2 Qc3 31. Qg3+ 1/2-1/2

[Event "42nd Olympiad 2016"]
[Site "Baku AZE"]
[Date "2016.09.10"]
[Round "8.71"]
[Board "2"]
[White "Croes, Octavio"]
[Black "Li Ying, Patrick"]
[Result "1/2-1/2"]
[WhiteTitle "CM"]
[BlackTitle "CM"]
[WhiteElo "1861"]
[BlackElo "2131"]
[WhiteTeam "Aruba"]
[BlackTeam "Mauritius"]
[WhiteFideId "1007220"]
[BlackFideId "9700056"]
[EventDate "2016.09.02"]

1. d4 Nf6 2. c4 e6 3. Nf3 b6 4. g3 Bb7 5. Bg2 Be7 6. O-O O-O 7. Nc3 d5 8. b3
Nbd7 9. Qc2 c5 10. cxd5 exd5 11. dxc5 bxc5 12. e3 Rc8 13. Rd1 Qa5 14. Bb2 Rfd8
15. Qf5 Nf8 16. Ne5 g6 17. Qf4 Ne6 18. Qa4 Qxa4 19. Nxa4 Ba6 20. Rac1 Bb7 21.
Nc3 a6 22. Rd2 Ne4 23. Nxe4 dxe4 24. Rcd1 Rxd2 25. Rxd2 Rd8 26. Rxd8+ Bxd8 27.
Bf1 Ng5 28. Nd7 Nf3+ 29. Kh1 a5 30. Nxc5 Bc6 31. Bc3 Bb6 32. b4 Bxc5 33. bxc5 a4
34. Bc4 Kf8 35. Kg2 f5 36. h4 h6 37. Kf1 Nh2+ 38. Ke2 Ng4 39. Ke1 Ke8 40. h5
gxh5 41. Bg7 Ke7 42. Be2 Ke6 43. Bc4+ Bd5 44. Bb5 Bxa2 45. c6 Kd6 46. Bf8+ Kc7
47. Bxa4 Bd5 48. Bd1 Bxc6 49. Bxg4 1/2-1/2

[Event "42nd Olympiad 2016"]
[Site "Baku AZE"]
[Date "2016.09.10"]
[Round "8.71"]
[Board "3"]
[White "Koster, Jeroen Louis"]
[Black "Benschop, Jomar"]
[Result "1-0"]
[WhiteElo "1879"]
[BlackElo "1670"]
[WhiteTeam "Mauritius"]
[BlackTeam "Aruba"]
[WhiteFideId "9700161"]
[BlackFideId "15900495"]
[EventDate "2016.09.02"]

1. e4 e5 2. Nf3 Nc6 3. Bc4 Nf6 4. d4 exd4 5. e5 Bb4+ 6. c3 dxc3 7. bxc3 d5 8.
Bb5 O-O 9. Bxc6 bxc6 10. O-O Ba5 11. exf6 Qxf6 12. Be3 Bg4 13. Qd4 Bxf3 14. Qxf6
gxf6 15. gxf3 Kh8 16. Kh1 Rg8 17. Rg1 Rg6 18. Rxg6 fxg6 19. Bd4 Kg7 20. Na3 Re8
21. Rc1 Bb6 22. Nc2 Re2 23. Kg2 c5 24. Be3 d4 25. cxd4 cxd4 26. Nxd4 Rxa2 27.
Rc2 Rxc2 28. Nxc2 Bxe3 29. fxe3 Kf7 30. Kf2 g5 31. e4 c5 32. Ke3 Ke6 33. Na3 a5
34. Nc4 a4 35. f4 f5 36. fxg5 fxe4 37. Kxe4 Kf7 38. Kf5 Ke7 39. h4 Kf7 40. h5
Kg7 41. g6 hxg6+ 42. hxg6 Kg8 43. Kf6 Kf8 44. g7+ Kg8 45. Na3 1-0

[Event "42nd Olympiad 2016"]
[Site "Baku AZE"]
[Date "2016.09.10"]
[Round "8.72"]
[Board "1"]
[White "Santos da Costa, Jose Manuel"]
[Black "Ayyad, Husain"]
[Result "0-1"]
[WhiteTitle "CM"]
[BlackTitle "FM"]
[WhiteElo "1960"]
[BlackElo "2176"]
[WhiteTeam "Sao Tome & Principe"]
[BlackTeam "Bahrain"]
[WhiteFideId "11000791"]
[BlackFideId "11200243"]
[EventDate "2016.09.02"]

1. d4 Nf6 2. c4 e6 3. Nc3 b6 4. Bg5 h6 5. Bh4 Bb4 6. Qb3 c5 7. dxc5 Bxc5 8. Ne4
g5 9. Nxc5 bxc5 10. Qf3 gxh4 11. Qxa8 Nc6 12. O-O-O O-O 13. Rd6 Qc7 14. Rxc6
dxc6 15. a4 Rd8 16. Nf3 Qd6 17. b3 Qc7 18. Ne5 Qxe5 19. Qxc6 Qc3+ 0-1

[Event "42nd Olympiad 2016"]
[Site "Baku AZE"]
[Date "2016.09.10"]
[Round "8.72"]
[Board "2"]
[White "Ayyad, Maher"]
[Black "Espirito Santo, Waldyr"]
[Result "1-0"]
[WhiteTitle "FM"]
[WhiteElo "2076"]
[BlackElo "1915"]
[WhiteTeam "Bahrain"]
[BlackTeam "Sao Tome & Principe"]
[WhiteFideId "11200235"]
[BlackFideId "16900049"]
[EventDate "2016.09.02"]

1. d4 d5 2. Nf3 Nf6 3. Bf4 Bf5 4. e3 e6 5. Ne5 Nbd7 6. g4 Bg6 7. h4 h5 8. Nxg6
fxg6 9. g5 Ne4 10. Bd3 Kf7 11. Qf3 Kg8 12. Bxe4 dxe4 13. Qxe4 Kh7 14. Qxe6 Bb4+
15. c3 Re8 16. Qb3 Bd6 17. Bxd6 cxd6 18. Nd2 Nb6 19. O-O-O d5 20. Rde1 a5 21.
Qc2 a4 22. a3 Ra6 23. f4 Qd7 24. Rhf1 Rf8 25. Nf3 Re8 26. Ne5 Rxe5 27. dxe5 Nc4
28. f5 Rb6 29. fxg6+ Kg8 30. Rf7 Qe8 31. Ref1 Rxb2 32. Rf8+ 1-0

[Event "42nd Olympiad 2016"]
[Site "Baku AZE"]
[Date "2016.09.10"]
[Round "8.72"]
[Board "3"]
[White "Lima, Osvaldo Dos Santos"]
[Black "Darwish, Hashim"]
[Result "1-0"]
[WhiteTitle "CM"]
[WhiteElo "1782"]
[BlackElo "1766"]
[WhiteTeam "Sao Tome & Principe"]
[BlackTeam "Bahrain"]
[WhiteFideId "14306352"]
[BlackFideId "11201258"]
[EventDate "2016.09.02"]

1. c4 c5 2. Nc3 Nc6 3. g3 g6 4. Bg2 Bg7 5. e3 Nf6 6. d4 cxd4 7. exd4 O-O 8. Nge2
d6 9. O-O Bf5 10. b3 a6 11. h3 Rb8 12. g4 Bd7 13. Be3 b5 14. cxb5 axb5 15. Qd2
b4 16. Nd1 d5 17. Nb2 h5 18. f3 Na7 19. Nd3 Bb5 20. Bf4 Rb6 21. Rac1 Re6 22. Bc7
Qa8 23. Nef4 Rc6 24. Nxb4 Rxc7 25. Rxc7 Bxf1 26. Bxf1 Bh6 27. Qh2 Qb8 28. Nfxd5
Nxd5 29. Nxd5 Nc8 30. Rxc8 Rxc8 31. Nxe7+ Kf8 32. Nxc8 Be3+ 33. Kg2 Qxc8 34.
Qd6+ Kg8 35. Bc4 hxg4 36. Qxg6+ Kh8 37. Qh5+ Kg7 38. Qxg4+ Qxg4+ 39. fxg4 Bxd4
40. a4 Bc3 41. Kf3 f6 42. Ke4 Kg6 43. h4 f5+ 44. gxf5+ Kh5 45. Kd3 Bb4 46. Be6
Kxh4 47. Kc4 Bd6 48. b4 Kg5 49. a5 Kf6 50. b5 Ke7 51. b6 Kd8 52. Kb5 Be5 53. Kc6 1-0

[Event "42nd Olympiad 2016"]
[Site "Baku AZE"]
[Date "2016.09.10"]
[Round "8.72"]
[Board "4"]
[White "Shaker, Musab"]
[Black "Semedo, Adelino"]
[Result "1-0"]
[WhiteElo "1726"]
[BlackElo "1671"]
[WhiteTeam "Bahrain"]
[BlackTeam "Sao Tome & Principe"]
[WhiteFideId "11201789"]
[BlackFideId "1951165"]
[EventDate "2016.09.02"]

1. d4 d5 2. Nf3 Nf6 3. Bf4 c5 4. c3 Qb6 5. Qb3 c4 6. Qc2 Nc6 7. e3 Bf5 8. Qc1
Nh5 9. Bg5 h6 10. Bh4 a5 11. Be2 a4 12. Nbd2 e6 13. Bd1 g5 14. Bg3 Be7 15. Be5
Nxe5 16. Nxe5 Nf6 17. Bc2 Bxc2 18. Qxc2 Qc7 19. e4 Bd6 20. Nef3 Nh5 21. g3 Ng7
22. O-O g4 23. Nh4 Be7 24. Ng2 h5 25. exd5 exd5 26. Nf4 Qd6 27. Rfe1 Kf8 28. Re5
h4 29. Nxd5 hxg3 30. fxg3 Qh6 31. Re2 Bd6 32. Ne4 Bb8 33. Nef6 Nh5 34. Nxg4 Qg5
35. Ne5 Bd6 36. Nb6 Ra6 37. Nbxc4 Nf4 38. Rf1 Nxe2+ 39. Qxe2 Rh7 40. Rf3 Kg7 41.
Nxf7 Qb5 42. Nfxd6 1-0

[Event "42nd Olympiad 2016"]
[Site "Baku AZE"]
[Date "2016.09.10"]
[Round "8.73"]
[Board "1"]
[White "Aderito, Pedro"]
[Black "Mdoe, Yusuf"]
[Result "1-0"]
[WhiteTitle "IM"]
[BlackTitle "CM"]
[WhiteElo "2315"]
[BlackElo "1758"]
[WhiteTeam "Angola"]
[BlackTeam "Tanzania"]
[WhiteFideId "10100130"]
[BlackFideId "10002235"]
[EventDate "2016.09.02"]

1. e4 e6 2. d4 d5 3. e5 c5 4. Qg4 cxd4 5. Nf3 Nc6 6. Bd3 Qc7 7. Bf4 Nge7 8. O-O
Ng6 9. Bxg6 hxg6 10. Nbd2 b6 11. Nb3 Ba6 12. Rfe1 Bb4 13. Rec1 Bc5 14. Qg3 Bc4
15. a3 a5 16. Nbd2 Ne7 17. Nh4 Nc6 18. Re1 Ba6 19. Ndf3 b5 20. Ng5 O-O-O 21. Bd2
Rh5 22. Nhf3 Qe7 23. h4 Rdh8 24. Qf4 f6 25. exf6 gxf6 26. Nxe6 Bd6 27. Qg4 f5
28. Qxg6 Rxh4 29. g3 R4h5 30. Ng7 Ne5 31. Rxe5 Rh1+ 32. Kg2 R1h2+ 33. Nxh2 Bxe5
34. Qxa6+ Kb8 35. Qxb5+ Qb7 36. Qxb7+ Kxb7 37. Nxf5 Rc8 38. Nf3 Rxc2 39. Bxa5
Bf6 40. b4 d3 41. Rd1 Rc3 42. b5 Rxa3 43. Nd6+ Kb8 44. Rc1 Rxa5 45. b6 Be7 1-0